| 000 | 00901nam a2200277Ia 4500 | ||
|---|---|---|---|
| 003 | GCL | ||
| 005 | 20240530105359.0 | ||
| 008 | 140319s9999 xx 000 0 ara d | ||
| 040 |
_aGCL / _cGCL |
||
| 082 | 0 | 4 |
_a709.1 _bن ف |
| 100 | 1 | _aنعمت اسماعيل علام | |
| 245 | 1 | 0 |
_aفنون الشرق الاوسط فى العصور الاسلامية / _cنعمت اسماعيل علام |
| 250 | _aط5 | ||
| 260 |
_a[S.N] : _bدار المعارف ، _c1992 |
||
| 300 |
_a395 ص: _bصور لو ؛ _c24 سم |
||
| 650 | 0 | 4 | _aالشرق الاوسط |
| 650 | 0 | 4 | _aالدولة العباسية |
| 650 | 0 | 4 | _aالدولة الاموية |
| 650 | 0 | 4 | _aالدولة الايوبية |
| 650 | 0 | 4 | _aالفنون |
| 650 | 0 | 4 | _aالسلاجقة |
| 650 | 0 | 4 | _aالفن الزخرفى |
| 650 | 0 | 4 | _aالفنون التشكيلية |
| 650 | 0 | 4 | _aالفن الاسلامى |
| 942 |
_2ddc _cBK |
||
| 999 |
_c55474 _d55474 |
||